Za týždeň prišla tisícka

Bibliographic Details
Main Authors: Hybáčková, Beáta (Author), Nagy, Peter, 1959- (Author)
Format: Article
Language:Slovak
Subjects:

MARC

LEADER 00000nab a2200000 a 4500
001 vtls000914346
003 SK-MaSNL
005 20260305010255.0
008 040720e19910601xo 0 slo
035 |a KE23241 
040 |a KEVKJB  |b slo  |c KEVKJB  |e AACR2 
041 0 |a slo 
044 |a xo  |c SK 
080 |a 7.097  |2 1981 
100 1 |a Hybáčková, Beáta  |4 aut  |9 422286 
245 1 0 |a Za týždeň prišla tisícka 
590 |a Nagy, Peter  |b spevák, moderátor, scenárista 
600 1 7 |a Nagy, Peter,  |d 1959-  |2 KEVKJB  |9 98857 
610 2 7 |a Slovenská televízia.  |b Televízne štúdio Košice  |2 KEVKJB  |9 31266 
650 0 7 |a Fany (televízna relácia)  |2 KEVKJB  |9 1585526 
650 0 7 |a televízne relácie pre deti  |2 snkbucl  |9 1104756 
655 7 |a rozhovory  |2 snkbucl  |9 31831 
700 1 |a Nagy, Peter,  |d 1959-  |4 aut  |9 98857 
773 0 8 |t Slovenský východ  |g Roč. 1  |g Roč. 20, č.127, 1.6.1991, s. 5 
852 |a ZVYKNI  |b KIS3GCP 
999 |c 3245751  |d 3247681